How to book for youth leaders (Record no. 171790)

MARC details
000 -LEADER
fixed length control field 00763nam a2200277Ia 4500
003 - CONTROL NUMBER IDENTIFIER
control field OSt
005 - DATE AND TIME OF LATEST TRANSACTION
control field 20250929184748.0
008 - FIXED-LENGTH DATA ELEMENTS--GENERAL INFORMATION
fixed length control field 210423s1996 xx 000 0 und d
040 ## - CATALOGING SOURCE
Transcribing agency AL
041 ## - LANGUAGE CODE
Language code of text/sound track or separate title English
082 ## - DEWEY DECIMAL CLASSIFICATION NUMBER
Classification number 305.235
Item number FERH
100 ## - MAIN ENTRY--PERSONAL NAME
Personal name Albano Fernandes
9 (RLIN) 101690
245 ## - TITLE STATEMENT
Title How to book for youth leaders
260 ## - PUBLICATION, DISTRIBUTION, ETC.
Place of publication, distribution, etc. Bombay
Name of publisher, distributor, etc. Don Bosco Communications
Date of publication, distribution, etc. 1996
300 ## - PHYSICAL DESCRIPTION
Extent v,26
Other physical details PB
365 ## - TRADE PRICE
Price amount 80
Currency code INR
650 ## - SUBJECT ADDED ENTRY--TOPICAL TERM
Topical term or geographic name entry element Social Groups
9 (RLIN) 101691
650 ## - SUBJECT ADDED ENTRY--TOPICAL TERM
Topical term or geographic name entry element Social Sciences
9 (RLIN) 101692
700 ## - ADDED ENTRY--PERSONAL NAME
Personal name Saldanha, Kennedy
9 (RLIN) 240943
700 ## - ADDED ENTRY--PERSONAL NAME
Personal name Doulton, Ian
9 (RLIN) 240944
700 ## - ADDED ENTRY--PERSONAL NAME
Personal name Braganza, Lionel
9 (RLIN) 240945
700 ## - ADDED ENTRY--PERSONAL NAME
Personal name Carvalho, Nelson
9 (RLIN) 240946
700 ## - ADDED ENTRY--PERSONAL NAME
Personal name Gonsalves, Peter
9 (RLIN) 240947
906 ## - LOCAL DATA ELEMENT F, LDF (RLIN)
a How ; leaders. ; youth
942 ## - ADDED ENTRY ELEMENTS (KOHA)
Source of classification or shelving scheme Dewey Decimal Classification
Koha item type Book
Holdings
Withdrawn status Lost status Damaged status Not for loan Collection code Home library Current library Date acquired Source of acquisition Cost, normal purchase price Total Checkouts Full call number Barcode Date last seen Price effective from Koha item type
        MSW St Aloysius PG Library St Aloysius PG Library 08/30/2001 Book World 80.00   305.235 FERH PG018318 08/24/2022 04/26/2021 Book